Nouvelle exposition de la méthode de M. Jacotot, justifiée par les autorités les plus graves,... suivie d'un recueil de compositions françaises faites d'après la méthode et de la bibliographie de l'enseignement universel / (Record no. 156199)
[ view plain ]
| 000 -LEADER | |
|---|---|
| campo de control de longitud fija | 00864nam a22002055i 4500 |
| 001 - NÚMERO DE CONTROL | |
| campo de control | 156199 |
| 003 - IDENTIFICADOR DE NÚMERO DE CONTROL | |
| campo de control | ES-MaACL |
| 005 - FECHA Y HORA DE LA ÚLTIMA TRANSACCIÓN | |
| campo de control | 20250828004910.0 |
| 008 - DATOS DE LONGITUD FIJA--INFORMACIÓN GENERAL | |
| campo de control de longitud fija | 040802s1830 sp |||| | spa d |
| 040 ## - FUENTE DE CATALOGACIÓN | |
| Centro catalogador/agencia de origen | CAM |
| Lengua de catalogación | spa |
| Centro/agencia transcriptor | CAM |
| 100 1# - ENTRADA PRINCIPAL--NOMBRE DE PERSONA | |
| Nombre de persona | Gonod, Benoît. |
| 9 (RLIN) | 154047 |
| 245 10 - MENCIÓN DEL TÍTULO | |
| Título | Nouvelle exposition de la méthode de M. Jacotot, justifiée par les autorités les plus graves,... suivie d'un recueil de compositions françaises faites d'après la méthode et de la bibliographie de l'enseignement universel / |
| Mención de responsabilidad, etc. | par B. Gonod. |
| 260 ## - PUBLICACIÓN, DISTRIBUCIÓN, ETC. | |
| Lugar de publicación, distribución, etc. | Paris : |
| Nombre del editor, distribuidor, etc. | librairie Classique de Maire-Nyon, |
| Fecha de publicación, distribución, etc. | 1830. |
| 300 ## - DESCRIPCIÓN FÍSICA | |
| Extensión | VIII, 134 p. ; |
| Dimensiones | 20 cm. |
| 650 07 - PUNTO DE ACCESO ADICIONAL DE MATERIA--TÉRMINO DE MATERIA | |
| Término de materia o nombre geográfico como elemento de entrada | Pedagogía |
| Fuente del encabezamiento o término | embne |
| 9 (RLIN) | 15904 |
| 650 #4 - PUNTO DE ACCESO ADICIONAL DE MATERIA--TÉRMINO DE MATERIA | |
| Término de materia o nombre geográfico como elemento de entrada | Educación- |
| Subdivisión general | Filosofía. |
| 9 (RLIN) | 12079 |
| 700 1# - ENTRADA AGREGADA--NOMBRE PERSONAL | |
| Nombre de persona | Jacotot, Joseph, |
| Fechas asociadas al nombre | 1770-1840 |
| 9 (RLIN) | 154046 |
| 852 ## - LOCALIZACIÓN | |
| Ubicación | ES-MaACL |
| Número de control de estantería | C-3872(1) |
| Nota libre | -- Enc. pasta española |
| Estatus retirado | Estado de pérdida | Estado de daño | No para préstamo | Colección | Biblioteca de origen | Biblioteca actual | Ubicación en estantería | Fecha de adquisición | Fuente de adquisición | Total de préstamos | Signatura topográfica completa | Código de barras | Visto por última vez | Precio de reemplazo | Tipo de ítem Koha |
|---|---|---|---|---|---|---|---|---|---|---|---|---|---|---|---|
| Libros del s. XIX | Biblioteca del Ateneo de Madrid | Biblioteca del Ateneo de Madrid | Sala Palomar | 17/01/2008 | C-3872(1) | 1163413 | 23/02/2023 | 23/02/2023 | Libro impreso antiguo |
